[Event "MP do 16 lat - chlopcy"]
[Site "Sypniewo"]
[Date "2022.03.19"]
[Round "1.9"]
[White "Kotowicz, Kamil"]
[Black "Dziewonski, Dariusz"]
[Result "0-1"]
[BlackElo "2093"]
[WhiteElo "1764"]
[LiveChessVersion "1.4.8"]

1. d4 {[%clk 1:30:42]} d5 {[%clk 1:30:55]} 2. c4 {[%clk 1:30:52]} e6
{[%clk 1:31:20]} 3. Nc3 {[%clk 1:31:05]} Nf6 {[%clk 1:31:45]} 4. cxd5
{[%clk 1:30:42]} exd5 {[%clk 1:32:10]} 5. Bg5 {[%clk 1:30:53]} Be7
{[%clk 1:32:30]} 6. e3 {[%clk 1:30:49]} c6 {[%clk 1:32:52]} 7. Bd3
{[%clk 1:31:05]} Nbd7 {[%clk 1:33:09]} 8. Nge2 {[%clk 1:29:59]} Nh5
{[%clk 1:32:40]} 9. Bxe7 {[%clk 1:28:59]} Qxe7 {[%clk 1:33:06]} 10. Ng3
{[%clk 1:28:41]} Nxg3 {[%clk 1:20:27]} 11. hxg3 {[%clk 1:28:55]} Nf6
{[%clk 1:20:16]} 12. Qc2 {[%clk 1:21:28]} Bg4 {[%clk 1:12:24]} 13. a3
{[%clk 1:18:22]} a5 {[%clk 1:02:30]} 14. Na4 {[%clk 1:15:17]} h6 {[%clk 0:59:31]}
15. Nb6 {[%clk 1:07:11]} Ra7 {[%clk 0:57:34]} 16. O-O {[%clk 0:52:55]} O-O
{[%clk 0:55:54]} 17. Rac1 {[%clk 0:49:31]} Nd7 {[%clk 0:49:48]} 18. Nxd7
{[%clk 0:48:28]} Bxd7 {[%clk 0:45:26]} 19. Qc5 {[%clk 0:48:39]} Qxc5
{[%clk 0:45:46]} 20. Rxc5 {[%clk 0:48:55]} a4 {[%clk 0:39:47]} 21. f3
{[%clk 0:46:49]} f5 {[%clk 0:34:48]} 22. Re1 {[%clk 0:45:02]} Re8
{[%clk 0:33:28]} 23. Kf2 {[%clk 0:45:10]} Raa8 {[%clk 0:31:09]} 24. Bc2
{[%clk 0:40:02]} Be6 {[%clk 0:28:51]} 25. Rh1 {[%clk 0:39:16]} Kf7
{[%clk 0:26:13]} 26. Rc3 {[%clk 0:37:26]} Ke7 {[%clk 0:24:36]} 27. b4
{[%clk 0:35:27]} axb3 {[%clk 0:23:32]} 28. Rxb3 {[%clk 0:35:42]} b5
{[%clk 0:22:51]} 29. Rc3 {[%clk 0:35:29]} Ra6 {[%clk 0:22:25]} 30. Bd3
{[%clk 0:34:31]} Rea8 {[%clk 0:15:26]} 31. Ra1 {[%clk 0:33:38]} Bd7
{[%clk 0:15:04]} 32. Rb3 {[%clk 0:15:21]} Ra4 {[%clk 0:14:42]} 33. Ke2
{[%clk 0:13:08]} b4 {[%clk 0:12:18]} 34. Kd2 {[%clk 0:12:55]} bxa3
{[%clk 0:11:44]} 35. Kc3 {[%clk 0:13:00]} Kd6 {[%clk 0:10:36]} 36. Rb7
{[%clk 0:12:13]} R4a5 {[%clk 0:09:08]} 37. Kb4 {[%clk 0:10:08]} h5
{[%clk 0:07:54]} 38. Ra2 {[%clk 0:09:36]} Ra4+ {[%clk 0:05:51]} 39. Kc3
{[%clk 0:08:35]} Re8 {[%clk 0:05:00]} 40. Kd2 {[%clk 0:38:14]} Ra5
{[%clk 0:32:46]} 41. Rb6 {[%clk 0:35:19]} Rea8 {[%clk 0:30:45]} 42. Kc3
{[%clk 0:34:52]} Kc7 {[%clk 0:28:30]} 43. Rb3 {[%clk 0:34:42]} Be6
{[%clk 0:25:36]} 44. Rb4 {[%clk 0:31:56]} R5a7 {[%clk 0:18:18]} 45. Ra1
{[%clk 0:31:33]} Bd7 {[%clk 0:17:44]} 46. Ra2 {[%clk 0:30:45]} g6
{[%clk 0:17:05]} 47. Rb3 {[%clk 0:29:26]} Be6 {[%clk 0:15:09]} 48. Be2
{[%clk 0:28:05]} Bc8 {[%clk 0:13:21]} 49. Bd3 {[%clk 0:25:17]} Kd6
{[%clk 0:12:02]} 50. Rb6 {[%clk 0:25:09]} Be6 {[%clk 0:10:39]} 51. Bb5
{[%clk 0:23:44]} Bd7 {[%clk 0:10:58]} 52. Bd3 {[%clk 0:23:14]} Be8
{[%clk 0:10:58]} 53. Be2 {[%clk 0:22:36]} Kc7 {[%clk 0:10:32]} 54. Rb3
{[%clk 0:20:35]} Bf7 {[%clk 0:10:51]} 55. Rb4 {[%clk 0:20:48]} c5
{[%clk 0:09:34]} 56. Rb5 {[%clk 0:21:08]} c4 {[%clk 0:09:44]} 57. e4
{[%clk 0:20:08]} fxe4 {[%clk 0:09:14]} 58. fxe4 {[%clk 0:20:32]} dxe4
{[%clk 0:08:56]} 59. Bxc4 {[%clk 0:18:43]} Bxc4 {[%clk 0:08:49]} 60. Kxc4
{[%clk 0:17:45]} Ra4+ {[%clk 0:08:01]} 61. Kc3 {[%clk 0:17:04]} Rd8
{[%clk 0:06:25]} 62. Rc5+ {[%clk 0:16:52]} Kd6 {[%clk 0:06:35]} 63. Rc4
{[%clk 0:15:33]} Rxc4+ {[%clk 0:06:23]} 64. Kxc4 {[%clk 0:15:57]} Rc8+
{[%clk 0:06:46]} 65. Kb3 {[%clk 0:16:15]} Ra8 {[%clk 0:07:12]} 66. Kc4
{[%clk 0:14:38]} Ra4+ {[%clk 0:07:08]} 67. Kb3 {[%clk 0:14:43]} Rxd4
{[%clk 0:06:33]} 68. Kxa3 {[%clk 0:15:02]} Rc4 {[%clk 0:06:33]} 69. Kb3
{[%clk 0:14:59]} Rc6 {[%clk 0:06:52]} 70. g4 {[%clk 0:14:23]} hxg4
{[%clk 0:06:37]} 71. Ra4 {[%clk 0:14:02]} Ke5 {[%clk 0:06:49]} 72. g3
{[%clk 0:14:25]} e3 {[%clk 0:06:36]} 0-1

[Event "MP do 16 lat - chlopcy"]
[Site "Sypniewo"]
[Date "2022.03.19"]
[Round "1.10"]
[White "Backiel, Hubert"]
[Black "Karut, Kacper"]
[Result "1-0"]
[BlackElo "1763"]
[WhiteElo "2075"]
[LiveChessVersion "1.4.8"]

1. e4 {[%clk 1:30:55]} c5 {[%clk 1:30:52]} 2. Nf3 {[%clk 1:31:19]} d6
{[%clk 1:31:15]} 3. d4 {[%clk 1:31:35]} cxd4 {[%clk 1:31:39]} 4. Nxd4
{[%clk 1:31:59]} Nf6 {[%clk 1:31:47]} 5. Nc3 {[%clk 1:32:14]} Nc6
{[%clk 1:31:43]} 6. f3 {[%clk 1:32:16]} Nxd4 {[%clk 1:30:15]} 7. Qxd4
{[%clk 1:32:25]} g6 {[%clk 1:29:17]} 8. Be3 {[%clk 1:14:15]} Bg7 {[%clk 1:28:37]}
9. Bc4 {[%clk 1:10:47]} O-O {[%clk 1:24:27]} 10. Qd2 {[%clk 1:10:48]} Bd7
{[%clk 1:14:56]} 11. O-O {[%clk 1:06:27]} Qc7 {[%clk 1:07:51]} 12. Bb3
{[%clk 1:04:04]} Bc6 {[%clk 0:58:47]} 13. Rad1 {[%clk 0:52:53]} Rfd8
{[%clk 0:48:45]} 14. Kh1 {[%clk 0:45:25]} Nd7 {[%clk 0:37:46]} 15. Nd5
{[%clk 0:28:52]} Bxd5 {[%clk 0:37:46]} 16. Qxd5 {[%clk 0:29:16]} Ne5
{[%clk 0:36:33]} 17. f4 {[%clk 0:23:19]} e6 {[%clk 0:34:37]} 18. Qb5
{[%clk 0:22:58]} Ng4 {[%clk 0:28:18]} 19. Bc1 {[%clk 0:19:51]} Qc5
{[%clk 0:21:08]} 20. Qe2 {[%clk 0:20:06]} Qh5 {[%clk 0:20:37]} 21. h3
{[%clk 0:15:08]} Nf6 {[%clk 0:19:43]} 22. Qxh5 {[%clk 0:10:20]} Nxh5
{[%clk 0:20:08]} 23. Rf3 {[%clk 0:10:10]} Nf6 {[%clk 0:16:44]} 24. f5
{[%clk 0:09:04]} Nxe4 {[%clk 0:09:51]} 25. fxe6 {[%clk 0:09:24]} fxe6
{[%clk 0:10:01]} 26. Bxe6+ {[%clk 0:09:46]} Kh8 {[%clk 0:10:27]} 27. Bd5
{[%clk 0:10:03]} Nf6 {[%clk 0:07:04]} 28. Bxb7 {[%clk 0:06:43]} Rab8
{[%clk 0:07:21]} 29. Rb3 {[%clk 0:06:59]} Nh5 {[%clk 0:04:41]} 30. g4
{[%clk 0:04:53]} Ng3+ {[%clk 0:03:06]} 31. Kg2 {[%clk 0:02:41]} Ne2
{[%clk 0:00:53]} 32. Be3 {[%clk 0:03:10]} Re8 {[%clk 0:00:42]} 33. Kf2
{[%clk 0:02:09]} d5 {[%clk 0:00:32]} 34. Rxd5 {[%clk 0:02:00]} 1-0

[Event "MP do 16 lat - chlopcy"]
[Site "Sypniewo"]
[Date "2022.03.19"]
[Round "1.11"]
[White "Wydmanski, Szymon"]
[Black "Janeczko, Jakub"]
[Result "0-1"]
[BlackElo "2053"]
[WhiteElo "1756"]
[LiveChessVersion "1.4.8"]

1. e4 {[%clk 1:30:58]} c5 {[%clk 1:30:55]} 2. Nf3 {[%clk 1:31:24]} Nc6
{[%clk 1:31:21]} 3. d4 {[%clk 1:31:30]} cxd4 {[%clk 1:31:45]} 4. Nxd4
{[%clk 1:31:50]} e5 {[%clk 1:32:08]} 5. Nb5 {[%clk 1:31:54]} d6 {[%clk 1:32:32]}
6. N1c3 {[%clk 1:29:59]} a6 {[%clk 1:32:19]} 7. Na3 {[%clk 1:30:14]} Be6
{[%clk 1:32:45]} 8. Nc4 {[%clk 1:28:30]} Rb8 {[%clk 1:33:01]} 9. a4
{[%clk 1:28:37]} Nf6 {[%clk 1:30:24]} 10. Bg5 {[%clk 1:22:22]} Nd4
{[%clk 1:16:21]} 11. f4 {[%clk 0:56:42]} h6 {[%clk 1:02:40]} 12. Bh4
{[%clk 0:41:38]} g5 {[%clk 0:37:20]} 13. fxe5 {[%clk 0:36:27]} dxe5
{[%clk 0:35:10]} 14. Bg3 {[%clk 0:30:22]} Ng4 {[%clk 0:27:38]} 15. Qd2
{[%clk 0:10:32]} Bxc4 {[%clk 0:27:50]} 16. Bxc4 {[%clk 0:10:53]} Ne3
{[%clk 0:28:12]} 17. Bd3 {[%clk 0:10:47]} Qb6 {[%clk 0:26:35]} 18. Bxe5
{[%clk 0:09:06]} Rd8 {[%clk 0:22:25]} 19. Bxh8 {[%clk 0:05:44]} Ndxc2+
{[%clk 0:11:55]} 20. Bxc2 {[%clk 0:05:21]} Rxd2 {[%clk 0:12:18]} 21. Kxd2
{[%clk 0:05:44]} Nc4+ {[%clk 0:11:14]} 22. Kd3 {[%clk 0:04:45]} Nxb2+
{[%clk 0:09:24]} 23. Ke2 {[%clk 0:04:24]} Qe6 {[%clk 0:09:48]} 24. Nd5
{[%clk 0:02:19]} Qc6 {[%clk 0:09:09]} 25. Ne3 {[%clk 0:01:24]} f6
{[%clk 0:08:47]} 26. e5 {[%clk 0:01:14]} Bc5 {[%clk 0:08:25]} 27. Bg6+
{[%clk 0:00:55]} Kf8 {[%clk 0:08:54]} 28. exf6 {[%clk 0:00:34]} Qe6
{[%clk 0:08:11]} 29. Bg7+ {[%clk 0:00:38]} Kg8 {[%clk 0:08:37]} 30. Kd2
{[%clk 0:00:35]} Bxe3+ {[%clk 0:07:26]} 31. Kc2 {[%clk 0:00:36]} Qc4+
{[%clk 0:07:47]} 32. Kxb2 {[%clk 0:00:47]} Bd4+ {[%clk 0:08:12]} 33. Ka3
{[%clk 0:00:42]} Qc3+ {[%clk 0:08:36]} 34. Ka2 {[%clk 0:01:08]} Qb2#
{[%clk 0:09:03]} 0-1

[Event "MP do 16 lat - chlopcy"]
[Site "Sypniewo"]
[Date "2022.03.19"]
[Round "1.12"]
[White "Kejna, Piotr"]
[Black "Wilk, Igor"]
[Result "1-0"]
[BlackElo "1753"]
[WhiteElo "2037"]
[LiveChessVersion "1.4.8"]

1. e4 {[%clk 1:30:59]} e5 {[%clk 1:30:51]} 2. Nf3 {[%clk 1:31:13]} Nc6
{[%clk 1:31:16]} 3. Bc4 {[%clk 1:31:17]} Bc5 {[%clk 1:31:39]} 4. c3
{[%clk 1:31:35]} Nf6 {[%clk 1:32:00]} 5. d4 {[%clk 1:31:17]} exd4
{[%clk 1:32:22]} 6. cxd4 {[%clk 1:31:36]} Bb4+ {[%clk 1:32:41]} 7. Bd2
{[%clk 1:31:44]} Bxd2+ {[%clk 1:32:54]} 8. Nbxd2 {[%clk 1:31:52]} d5
{[%clk 1:33:07]} 9. exd5 {[%clk 1:31:55]} Nxd5 {[%clk 1:33:26]} 10. O-O
{[%clk 1:30:13]} O-O {[%clk 1:32:44]} 11. Rc1 {[%clk 1:28:08]} Nb6
{[%clk 1:24:27]} 12. Bb3 {[%clk 1:27:05]} Bg4 {[%clk 1:18:05]} 13. h3
{[%clk 1:25:50]} Bh5 {[%clk 1:17:03]} 14. Rc5 {[%clk 1:25:56]} Bg6
{[%clk 1:16:10]} 15. Qc1 {[%clk 1:16:08]} Nxd4 {[%clk 1:03:05]} 16. Nxd4
{[%clk 1:16:25]} Qxd4 {[%clk 1:03:29]} 17. Nf3 {[%clk 1:16:20]} Qf6
{[%clk 1:02:11]} 18. Rxc7 {[%clk 1:15:19]} Rac8 {[%clk 1:01:12]} 19. Re1
{[%clk 1:08:10]} h6 {[%clk 0:53:56]} 20. Ne5 {[%clk 0:59:12]} Qd6
{[%clk 0:41:12]} 21. Rxc8 {[%clk 0:52:14]} Rxc8 {[%clk 0:41:31]} 22. Qf4
{[%clk 0:50:49]} Qe7 {[%clk 0:32:17]} 23. Re3 {[%clk 0:49:03]} Qd6
{[%clk 0:28:42]} 24. Bxf7+ {[%clk 0:34:42]} Bxf7 {[%clk 0:28:59]} 25. Qxf7+
{[%clk 0:35:07]} Kh7 {[%clk 0:25:17]} 26. Qf5+ {[%clk 0:34:06]} Kg8
{[%clk 0:25:32]} 27. Nc4 {[%clk 0:22:08]} Qd1+ {[%clk 0:20:39]} 28. Kh2
{[%clk 0:22:35]} Rf8 {[%clk 0:20:58]} 29. Qe6+ {[%clk 0:22:24]} Kh7
{[%clk 0:21:14]} 30. Nxb6 {[%clk 0:22:05]} axb6 {[%clk 0:21:29]} 31. Rg3
{[%clk 0:21:23]} Qd4 {[%clk 0:21:32]} 32. f3 {[%clk 0:14:50]} Qxb2
{[%clk 0:20:42]} 33. Qe4+ {[%clk 0:14:57]} Kh8 34. Qxb7 {[%clk 0:15:16]} Re8
{[%clk 0:19:19]} 35. f4 {[%clk 0:13:56]} Qd4 {[%clk 0:16:15]} 36. Qf7
{[%clk 0:05:48]} Re1 {[%clk 0:11:46]} 37. h4 {[%clk 0:04:20]} Rf1
{[%clk 0:09:59]} 38. Qf8+ {[%clk 0:03:16]} Kh7 {[%clk 0:10:28]} 39. Qf5+
{[%clk 0:03:31]} Kh8 {[%clk 0:10:16]} 40. Qc8+ {[%clk 0:31:55]} Kh7
{[%clk 0:40:38]} 41. Qc2+ {[%clk 0:19:19]} Kh8 {[%clk 0:40:33]} 42. Qc8+
{[%clk 0:19:40]} Kh7 {[%clk 0:40:58]} 43. Qf5+ {[%clk 0:12:12]} Kh8
{[%clk 0:41:22]} 44. Qf8+ {[%clk 0:12:12]} Kh7 {[%clk 0:41:49]} 45. h5
{[%clk 0:10:14]} Qg1+ {[%clk 0:36:04]} 46. Kh3 {[%clk 0:10:43]} Qd4
{[%clk 0:36:18]} 47. Qf5+ {[%clk 0:10:25]} Kh8 {[%clk 0:35:54]} 48. Rd3
{[%clk 0:09:28]} Qf6 {[%clk 0:34:50]} 49. Qxf6 {[%clk 0:09:45]} gxf6
{[%clk 0:35:15]} 50. g3 {[%clk 0:06:22]} f5 {[%clk 0:34:44]} 51. Rb3
{[%clk 0:05:52]} Rh1+ {[%clk 0:34:59]} 52. Kg2 {[%clk 0:05:58]} Ra1
{[%clk 0:35:22]} 53. a3 {[%clk 0:05:13]} Kg7 {[%clk 0:35:24]} 54. Rxb6
{[%clk 0:04:18]} Rxa3 {[%clk 0:35:47]} 55. Rb7+ {[%clk 0:04:42]} Kf6
{[%clk 0:35:48]} 56. Rh7 {[%clk 0:04:57]} Ra2+ {[%clk 0:36:15]} 57. Kh3
{[%clk 0:05:12]} Ra1 {[%clk 0:36:08]} 58. Rxh6+ {[%clk 0:05:30]} Kg7
{[%clk 0:36:31]} 59. Rg6+ {[%clk 0:05:41]} Kf7 {[%clk 0:36:50]} 60. Kh4
{[%clk 0:05:36]} 1-0

[Event "MP do 16 lat - chlopcy"]
[Site "Sypniewo"]
[Date "2022.03.19"]
[Round "1.13"]
[White "Kubik, Rafal"]
[Black "Wnek, Filip"]
[Result "1/2-1/2"]
[BlackElo "2033"]
[WhiteElo "1732"]
[LiveChessVersion "1.4.8"]

1. e4 {[%clk 1:30:58]} c5 {[%clk 1:30:51]} 2. c3 {[%clk 1:31:24]} d5
{[%clk 1:31:12]} 3. exd5 {[%clk 1:31:49]} Qxd5 {[%clk 1:31:33]} 4. d4
{[%clk 1:32:13]} e6 {[%clk 1:30:37]} 5. Nf3 {[%clk 1:32:18]} Nc6 {[%clk 1:30:43]}
6. Be3 {[%clk 1:30:32]} cxd4 {[%clk 1:19:40]} 7. Nxd4 {[%clk 1:29:35]} Nxd4
{[%clk 1:14:13]} 8. Qxd4 {[%clk 1:25:22]} Nf6 {[%clk 1:12:22]} 9. Nd2
{[%clk 1:20:35]} Be7 {[%clk 1:08:52]} 10. Qxd5 {[%clk 1:13:41]} Nxd5
{[%clk 1:08:42]} 11. Bb5+ {[%clk 1:12:33]} Bd7 {[%clk 1:09:11]} 12. Bxd7+
{[%clk 1:12:51]} Kxd7 {[%clk 1:09:35]} 13. O-O-O {[%clk 1:08:58]} Nxe3
{[%clk 1:02:44]} 14. fxe3 {[%clk 1:08:52]} e5 {[%clk 1:02:56]} 15. e4
{[%clk 1:07:06]} Ke6 {[%clk 1:02:01]} 16. Kc2 {[%clk 1:06:15]} g6
{[%clk 0:59:54]} 17. g4 {[%clk 1:04:08]} h5 {[%clk 1:00:15]} 18. h3
{[%clk 1:03:37]} hxg4 {[%clk 0:59:18]} 19. hxg4 {[%clk 1:03:54]} Rad8
{[%clk 0:59:47]} 20. Nf3 {[%clk 1:02:19]} Rxd1 {[%clk 0:59:11]} 21. Rxd1
{[%clk 1:02:11]} Bf6 {[%clk 0:44:07]} 22. c4 {[%clk 0:58:49]} Rh3
{[%clk 0:41:26]} 23. Rd3 {[%clk 0:58:55]} Ke7 {[%clk 0:40:52]} 24. c5
{[%clk 0:46:45]} Bg7 {[%clk 0:35:11]} 25. b4 {[%clk 0:43:34]} f5 {[%clk 0:33:09]}
26. gxf5 {[%clk 0:43:39]} gxf5 {[%clk 0:33:20]} 27. Nd2 {[%clk 0:42:55]} Rh4
{[%clk 0:27:57]} 28. b5 {[%clk 0:38:15]} fxe4 {[%clk 0:28:14]} 29. Re3
{[%clk 0:38:34]} Ke6 {[%clk 0:27:26]} 30. Nxe4 {[%clk 0:31:58]} Rh2+
{[%clk 0:24:05]} 31. Kb3 {[%clk 0:21:56]} Kd5 {[%clk 0:22:20]} 32. a4
{[%clk 0:18:32]} Rh4 {[%clk 0:01:09]} 33. Nd6 {[%clk 0:18:14]} Kxc5
{[%clk 0:01:16]} 34. Nxb7+ {[%clk 0:16:58]} Kd4 {[%clk 0:01:24]} 35. Rg3
{[%clk 0:15:56]} Bf8 {[%clk 0:01:21]} 36. Na5 {[%clk 0:15:22]} Bc5
{[%clk 0:00:35]} 37. Nc6+ {[%clk 0:15:06]} Kd5 {[%clk 0:00:36]} 38. Rg5
{[%clk 0:14:53]} Re4 {[%clk 0:00:44]} 39. a5 {[%clk 0:13:58]} Re3+
{[%clk 0:01:08]} 40. Kc2 {[%clk 0:44:07]} Kd6 {[%clk 0:30:42]} 41. Rg6+
{[%clk 0:42:41]} Kd5 {[%clk 0:29:15]} 42. Rg7 {[%clk 0:37:44]} Kc4
{[%clk 0:21:46]} 43. Nxa7 {[%clk 0:37:33]} Bxa7 {[%clk 0:15:46]} 44. Rxa7
{[%clk 0:37:15]} Kxb5 {[%clk 0:16:08]} 45. Kd2 {[%clk 0:37:33]} 1/2-1/2

[Event "MP do 16 lat - chlopcy"]
[Site "Sypniewo"]
[Date "2022.03.19"]
[Round "1.14"]
[White "Kazmierowski, Tymon"]
[Black "Kusiak, Mateusz"]
[Result "1/2-1/2"]
[BlackElo "1715"]
[WhiteElo "2032"]
[LiveChessVersion "1.4.8"]

1. e4 {[%clk 1:30:57]} c5 {[%clk 1:30:49]} 2. Nf3 {[%clk 1:31:19]} Nc6
{[%clk 1:31:07]} 3. d4 {[%clk 1:31:37]} cxd4 {[%clk 1:31:32]} 4. Nxd4
{[%clk 1:32:01]} g6 {[%clk 1:31:47]} 5. c4 {[%clk 1:32:18]} Bg7 {[%clk 1:31:48]}
6. Be3 {[%clk 1:32:38]} Nf6 {[%clk 1:32:08]} 7. Nc3 {[%clk 1:33:00]} O-O
{[%clk 1:32:12]} 8. Be2 {[%clk 1:33:12]} d6 {[%clk 1:32:09]} 9. O-O
{[%clk 1:33:22]} Bd7 {[%clk 1:31:00]} 10. f3 {[%clk 1:32:58]} Nxd4
{[%clk 1:28:37]} 11. Bxd4 {[%clk 1:33:19]} Bc6 {[%clk 1:26:44]} 12. Rc1
{[%clk 1:30:18]} a5 {[%clk 1:25:44]} 13. Qd2 {[%clk 1:27:24]} a4 {[%clk 1:23:52]}
14. Rfd1 {[%clk 1:24:45]} Nd7 {[%clk 1:22:12]} 15. Bxg7 {[%clk 1:20:37]} Kxg7
{[%clk 1:22:33]} 16. Qd4+ {[%clk 1:19:39]} f6 {[%clk 1:22:00]} 17. f4
{[%clk 1:13:20]} e5 {[%clk 1:08:37]} 18. Qxd6 {[%clk 0:53:55]} Qb6+
{[%clk 1:07:58]} 19. Kh1 {[%clk 0:54:06]} Qxb2 {[%clk 1:06:51]} 20. Bg4
{[%clk 0:52:15]} f5 {[%clk 1:00:09]} 21. Bf3 {[%clk 0:48:49]} Nf6
{[%clk 0:57:22]} 22. fxe5 {[%clk 0:16:31]} Nxe4 {[%clk 0:54:44]} 23. Bxe4
{[%clk 0:14:04]} fxe4 {[%clk 0:55:05]} 24. Nd5 {[%clk 0:14:07]} e3
{[%clk 0:12:24]} 25. Nxe3 {[%clk 0:13:08]} Rae8 {[%clk 0:11:18]} 26. Rc2
{[%clk 0:03:22]} Qxe5 {[%clk 0:11:35]} 27. Qxe5+ {[%clk 0:03:37]} Rxe5
{[%clk 0:12:04]} 28. Ng4 {[%clk 0:02:54]} Rg5 {[%clk 0:08:59]} 29. h3
{[%clk 0:02:37]} h5 {[%clk 0:08:17]} 30. Ne3 {[%clk 0:02:40]} Re5
{[%clk 0:05:37]} 31. Nd5 {[%clk 0:02:27]} Rd8 {[%clk 0:05:17]} 32. Rcd2
{[%clk 0:02:47]} b5 {[%clk 0:05:19]} 33. Nb4 {[%clk 0:02:38]} Rxd2
{[%clk 0:04:35]} 34. Rxd2 {[%clk 0:03:07]} Be8 {[%clk 0:04:24]} 35. cxb5
{[%clk 0:02:31]} Bxb5 {[%clk 0:04:26]} 36. Kg1 {[%clk 0:01:48]} Rf5
{[%clk 0:02:52]} 37. Nd5 {[%clk 0:00:57]} Rf1+ {[%clk 0:02:45]} 38. Kh2
{[%clk 0:01:25]} Rc1 {[%clk 0:03:05]} 39. Rb2 {[%clk 0:00:47]} Bc4
{[%clk 0:02:33]} 40. Nb6 {[%clk 0:30:47]} a3 {[%clk 0:32:31]} 41. Rf2
{[%clk 0:25:09]} Be6 {[%clk 0:31:14]} 42. Rf3 {[%clk 0:23:53]} Rb1
{[%clk 0:31:12]} 43. Na4 {[%clk 0:23:45]} Bxa2 {[%clk 0:30:55]} 44. Rxa3
{[%clk 0:24:06]} Bf7 {[%clk 0:30:57]} 45. Re3 {[%clk 0:22:55]} Ra1
{[%clk 0:31:04]} 46. Nb2 {[%clk 0:20:46]} Ra2 {[%clk 0:29:29]} 1/2-1/2

[Event "MP do 16 lat - chlopcy"]
[Site "Sypniewo"]
[Date "2022.03.19"]
[Round "1.15"]
[White "Trzebinski, Patryk"]
[Black "Madej, Marek"]
[Result "0-1"]
[BlackElo "2017"]
[WhiteElo "1711"]
[LiveChessVersion "1.4.8"]

1. e4 {[%clk 1:30:58]} e5 {[%clk 1:30:51]} 2. Nf3 {[%clk 1:31:20]} Nc6
{[%clk 1:31:15]} 3. Bc4 {[%clk 1:31:41]} Bc5 {[%clk 1:31:31]} 4. Nc3
{[%clk 1:31:57]} Nf6 {[%clk 1:31:26]} 5. d3 {[%clk 1:32:20]} d6 {[%clk 1:31:37]}
6. Bg5 {[%clk 1:32:42]} h6 {[%clk 1:31:00]} 7. Bxf6 {[%clk 1:33:05]} Qxf6
{[%clk 1:31:13]} 8. Nd5 {[%clk 1:33:27]} Qd8 {[%clk 1:31:33]} 9. c3
{[%clk 1:32:56]} Ne7 {[%clk 1:29:22]} 10. Nxe7 {[%clk 1:25:32]} Qxe7
{[%clk 1:29:31]} 11. O-O {[%clk 1:25:49]} a6 {[%clk 1:27:36]} 12. d4
{[%clk 1:17:51]} exd4 {[%clk 1:27:25]} 13. cxd4 {[%clk 1:18:11]} Ba7
{[%clk 1:27:51]} 14. Qd3 {[%clk 1:13:23]} O-O {[%clk 1:26:42]} 15. Bb3
{[%clk 1:11:48]} Bg4 {[%clk 1:24:40]} 16. Nd2 {[%clk 1:09:42]} c5
{[%clk 1:21:56]} 17. h3 {[%clk 1:03:44]} Bd7 {[%clk 1:20:58]} 18. d5
{[%clk 0:58:36]} b5 {[%clk 1:18:47]} 19. Bc2 {[%clk 0:58:36]} f5 {[%clk 1:15:19]}
20. exf5 {[%clk 0:52:01]} Bxf5 {[%clk 1:14:57]} 21. Qc3 {[%clk 0:52:11]} Bxc2 22.
Qxc2 Rae8 {[%clk 1:01:48]} 23. Nf3 {[%clk 0:46:47]} Qe2 {[%clk 0:58:58]} 24. Qc3
{[%clk 0:43:36]} Qe4 {[%clk 0:56:46]} 25. Rad1 {[%clk 0:38:20]} b4
{[%clk 0:38:42]} 26. Qb3 {[%clk 0:35:29]} c4 {[%clk 0:32:03]} 27. Qa4
{[%clk 0:30:09]} Qg6 {[%clk 0:29:13]} 28. Kh1 {[%clk 0:21:10]} Re7
{[%clk 0:18:38]} 29. Qxa6 {[%clk 0:17:39]} Rc7 {[%clk 0:07:12]} 30. Nd4
{[%clk 0:11:48]} Bxd4 {[%clk 0:06:18]} 31. Rxd4 {[%clk 0:12:16]} c3
{[%clk 0:06:33]} 32. bxc3 {[%clk 0:12:18]} bxc3 {[%clk 0:06:51]} 33. Qd3
{[%clk 0:12:18]} Qf6 {[%clk 0:02:12]} 34. Rc4 Rfc8 {[%clk 0:02:34]} 35. Rxc7
{[%clk 0:06:33]} Rxc7 {[%clk 0:03:04]} 36. Qc2 {[%clk 0:06:59]} Qe5
{[%clk 0:00:33]} 37. Rd1 {[%clk 0:07:20]} Rc5 {[%clk 0:00:34]} 38. Rd3
{[%clk 0:07:20]} Qe1+ {[%clk 0:00:46]} 39. Kh2 {[%clk 0:07:47]} Qe5+
{[%clk 0:00:59]} 40. g3 {[%clk 0:38:16]} Qe4 {[%clk 0:30:35]} 41. a4
{[%clk 0:28:45]} Rc8 {[%clk 0:28:10]} 42. a5 {[%clk 0:26:33]} Qxd3
{[%clk 0:27:59]} 43. Qxd3 {[%clk 0:26:05]} c2 {[%clk 0:28:25]} 44. a6
{[%clk 0:24:54]} c1=Q {[%clk 0:28:48]} 45. a7 {[%clk 0:25:14]} Rf8
{[%clk 0:28:21]} 46. Kg2 {[%clk 0:23:05]} Qc5 {[%clk 0:28:44]} 0-1

[Event "MP do 16 lat - chlopcy"]
[Site "Sypniewo"]
[Date "2022.03.19"]
[Round "1.16"]
[White "Zdybel, Przemyslaw"]
[Black "Grzadka, Artur"]
[Result "1-0"]
[BlackElo "1710"]
[WhiteElo "2008"]
[LiveChessVersion "1.4.8"]

1. e4 {[%clk 1:30:57]} c6 {[%clk 1:30:56]} 2. Nc3 {[%clk 1:31:10]} d5
{[%clk 1:31:15]} 3. Nf3 {[%clk 1:31:35]} dxe4 {[%clk 1:31:37]} 4. Nxe4
{[%clk 1:31:58]} Nf6 {[%clk 1:31:50]} 5. Qe2 {[%clk 1:32:20]} Nxe4
{[%clk 1:31:53]} 6. Qxe4 {[%clk 1:32:44]} Be6 {[%clk 1:32:07]} 7. b3
{[%clk 1:25:07]} Nd7 {[%clk 1:32:15]} 8. Bb2 {[%clk 1:22:12]} Nf6
{[%clk 1:32:21]} 9. Qh4 {[%clk 1:12:43]} Bf5 {[%clk 1:29:35]} 10. O-O-O
{[%clk 1:04:33]} e6 {[%clk 1:27:16]} 11. Ne5 {[%clk 0:52:36]} Be7
{[%clk 1:17:32]} 12. Qg3 {[%clk 0:46:10]} O-O {[%clk 1:12:53]} 13. f3
{[%clk 0:20:56]} a5 {[%clk 0:56:20]} 14. a4 {[%clk 0:20:42]} Rc8 {[%clk 0:42:21]}
15. Qe1 {[%clk 0:17:11]} b5 {[%clk 0:27:00]} 16. g4 {[%clk 0:16:20]} Bg6
{[%clk 0:27:26]} 17. h4 {[%clk 0:14:33]} bxa4 {[%clk 0:06:41]} 18. h5
{[%clk 0:14:45]} a3 {[%clk 0:05:55]} 19. hxg6 {[%clk 0:11:07]} axb2+
{[%clk 0:05:59]} 20. Kxb2 {[%clk 0:11:35]} Qd4+ {[%clk 0:02:20]} 21. c3
{[%clk 0:11:23]} Qc5 {[%clk 0:01:42]} 22. gxf7+ {[%clk 0:09:38]} Rxf7
{[%clk 0:01:37]} 23. Ra1 {[%clk 0:08:51]} Rff8 {[%clk 0:00:49]} 24. Bc4
{[%clk 0:08:24]} Qd6 {[%clk 0:00:36]} 25. Ng6 {[%clk 0:06:31]} hxg6
{[%clk 0:00:37]} 26. Qxe6+ {[%clk 0:06:55]} Qxe6 {[%clk 0:00:50]} 27. Bxe6+
{[%clk 0:07:21]} Rf7 {[%clk 0:01:13]} 28. Bxc8 {[%clk 0:07:47]} 1-0